Statistics for Largest cities in Argentina

Click here to take the quiz!

General Stats

  • This quiz has been taken 20 times
  • The average score is 5 of 10

Answer Stats

Answer % Correct
Buenos Aires
100%
Cordoba
80%
Rosario
80%
Mendoza
67%
La Plata
53%
Salta
53%
Mar del Plata
33%
San Miguel de Tucuman
20%
Santa Fe
20%
San Juan
13%

Score Distribution

Percentile by Number Answered

Percent of People with Each Score

Your Score History

You have not taken this quiz